[Event "IOM Open-Masters 2017"]
[Site "Douglas"]
[Date "2017.09.23"]
[Round "1"]
[White "Mueller, Philipp"]
[Black "Tari, Aryan"]
[Result "0-1"]
[WhiteElo "2220"]
[BlackElo "2588"]
[Annotator "TA"]
[PlyCount "40"]
[EventDate "2017.??.??"]
[EventType "swiss"]
[EventCountry "GBR"]
[SourceTitle "playchess.com"]
[Source "ChessBase"]
[SourceQuality "1"]

{[%evp 13,40,-63,-31,-37,-31,-26,-26,-40,-64,-69,-76,-86,-81,-98,-81,-135,-134,-558,-560,-738,-731,-629,-337,-333,-333,-335,-348,-29997,-29998]} 1. c4 e5 2. g3 Nf6 3. Bg2 c6 4. Nf3 e4 5. Nd4 d5 6. Nc3 {A20: English Opening: 1...e5} (6. cxd5 Qxd5 7. e3 Na6 8. d3 Bb4+ 9. Nc3 Nc5 10. O-O Bxc3 11. dxe4 Ncxe4 12. bxc3 O-O 13. Qc2 c5 14. Nb3 Bf5 {0-1 (59) Gelfand,B (2729)-Inarkiev,E (2702) Nazran 2017}) 6... dxc4 7. Nc2 Bc5 {LiveBook: 3 Games} 8. Ne3 {Black is slightly better.} O-O $146 ({Predecessor:} 8... Bxe3 9. fxe3 Na6 10. b3 cxb3 11. Ba3 bxa2 {0-1 (35) Lewis,A (2300)-Davies,N (2510) London 1994}) 9. Qc2 Be6 10. Nxe4 Nxe4 11. Bxe4 {[#]} f5 $1 {[%cal Rf5e4][%mdl 512]} 12. Bf3 ({Wrong is} 12. Bxf5 $2 {[#]} Rxf5 $1 {[%mdl 512]} 13. Nxf5 Qd5 $19) (12. Nxf5 Qf6) 12... Na6 13. O-O Nb4 14. Qb1 ({White should try} 14. Qc3) 14... f4 $36 {[%mdl 2048] Black is really pushing.} 15. gxf4 $2 {[%mdl 8192]} (15. Qe4 $17 {was the crucial defense.} Qf6 16. gxf4) 15... Rxf4 $19 16. Be4 Qg5+ 17. Kh1 Bxe3 18. Bxh7+ Kh8 19. dxe3 Rh4 20. f4 $2 (20. Qg6 $19 Qe5 21. f4) 20... Qg3 {Precision: White = 27%, Black = 76%.} 0-1

[Event "IOM Open-Masters 2017"]
[Site "Douglas"]
[Date "2017.09.23"]
[Round "1"]
[White "Lorscheid, Gerhard"]
[Black "Fressinet, Laurent"]
[Result "0-1"]
[WhiteElo "2192"]
[BlackElo "2657"]
[Annotator "TA"]
[PlyCount "78"]
[EventDate "2017.??.??"]
[EventType "swiss"]
[EventCountry "GBR"]
[SourceTitle "playchess.com"]
[Source "ChessBase"]
[SourceQuality "1"]

{[%evp 13,78,0,0,0,0,0,-4,-6,0,0,32,0,0,0,-7,-2,0,0,-10,-9,-17,-11,0,0,7,-22,-14,-22,-7,-5,0,-2,10,0,-2,-17,27,-52,-54,-56,-47,-86,-15,-12,-15,-50,-43,-54,0,0,0,-37,-31,-66,-20,-37,-9,-357,-348,-29992,-29993,-29993,-29994,-29994,-29995,-29995,-29996]} 1. d4 e6 2. c4 Bb4+ 3. Bd2 a5 4. Nc3 Nf6 5. e3 d5 6. Nf3 O-O 7. Qc2 b6 {LiveBook: 26 Games. E11: Bogo-Indian} 8. b3 (8. cxd5 exd5 9. a3 Be7 10. Bd3 Re8 11. O-O Bf8 12. e4 dxe4 13. Nxe4 Nbd7 14. Neg5 Bd6 15. Bc4 Re7 16. Nxf7 Rxf7 17. Bxf7+ Kh8 18. Rfe1 Bb7 19. Ng5 Qf8 20. Be6 Bd5 21. Bxd5 {1-0 (21) Bacrot,E (2695)-Van Wely,L (2695) chess.com INT 2017}) 8... Bb7 9. a3 $146 ({Predecessor:} 9. Be2 Nbd7 10. O-O Qe7 11. Na4 Rfc8 12. Bc1 Bd6 13. Bb2 c5 14. dxc5 bxc5 15. Rfd1 {1-0 (32) Labollita,M (2230)-Panno,O (2465) Boca 1997}) 9... Be7 {The position is equal.} 10. Be2 c5 11. O-O Nc6 (11... Nbd7 {with more complications.} 12. Rfd1 cxd4 13. Nxd4 dxc4 14. bxc4 Qb8) 12. Rfd1 (12. cxd5 {looks sharper.} exd5 13. Rfd1 Re8 14. dxc5 bxc5 15. Na4) 12... cxd4 13. exd4 dxc4 14. bxc4 Nxd4 15. Nxd4 Qxd4 16. Be3 Qe5 17. Bxb6 Bd6 18. g3 {[#] aiming for Bd4.} Bc5 $132 {[%mdl 2048] Black is not keeping still} 19. Rab1 {And now Bxc5 would win.} Bc6 20. Bxc5 Qxc5 21. Qb2 Rac8 22. Qb6 Qf5 23. Qd4 h5 24. Rb6 e5 25. Qe3 (25. Qd3 $11 Qh3 26. Nd5 Bxd5 27. cxd5) 25... Ng4 $1 $15 {[%cal Rg4e3]} 26. Bxg4 $1 Qxg4 27. c5 ({But not} 27. Qxe5 $2 Rce8 $19) 27... Rfe8 (27... Bf3 $17 28. Rd2 Rfd8 29. Rxd8+ Rxd8) 28. Rd6 $11 Re6 29. Rxe6 Qxe6 30. Qd3 Qe8 ({Much weaker is} 30... Qh3 31. Nd5 $14) (30... Qg4 $15) 31. Qd6 Bf3 32. h4 (32. Qd3 $5 {[%cal Rd3f3]} Bc6 33. Nb5 $14) 32... Rd8 33. Qc7 Kh7 34. Rd6 Rb8 {...Rb3 is the strong threat.} 35. Qxa5 $2 {[%mdl 8192]} (35. c6 $1 $11 {and White is okay.}) 35... Qc8 $19 {( -> ...Qh3)} 36. Kf1 $2 {[#]} (36. Kh2 $19 Rb2 37. Nd1) 36... Qh3+ {Black mates.} 37. Ke1 Qh1+ 38. Kd2 Rb2+ 39. Ke3 Qe1+ {Precision: White = 51%, Black = 53%.} 0-1

[Event "IOM Open-Masters 2017"]
[Site "Douglas"]
[Date "2017.09.23"]
[Round "1"]
[White "Seyfried, Claus"]
[Black "Houska, Jovanka"]
[Result "0-1"]
[WhiteElo "2173"]
[BlackElo "2393"]
[Annotator "NA"]
[PlyCount "50"]
[EventDate "2017.??.??"]
[EventType "swiss"]
[EventCountry "GBR"]
[SourceTitle "playchess.com"]
[Source "ChessBase"]
[SourceQuality "1"]
[TimeControl "40/6000+30:20/3000+30:900+30"]

1. e4 c6 2. d4 d5 3. exd5 cxd5 4. c4 Nf6 5. Nc3 Nc6 6. Nf3 Be6 7. c5 g6 8. Bb5 Bg7 9. Ne5 Qc8 10. Qa4 Bd7 11. O-O O-O 12. Re1 e6 13. b4 Nxe5 14. dxe5 a6 15. Bxd7 Nxd7 16. Bb2 a5 17. bxa5 Nxc5 18. Qd4 Rxa5 19. Rac1 b6 20. a4 Qa6 21. Ba3 Nb3 22. Qd1 Nxc1 23. Bxf8 Bxf8 24. Qxc1 Qc4 25. h3 Rc5 0-1

[Event "IOM Open-Masters 2017"]
[Site "Douglas"]
[Date "2017.09.23"]
[Round "1"]
[White "Maloberti, David"]
[Black "Piasetski, Leon"]
[Result "1/2-1/2"]
[WhiteElo "2132"]
[BlackElo "2286"]
[Annotator "NA"]
[PlyCount "101"]
[EventDate "2017.??.??"]
[EventType "swiss"]
[EventCountry "GBR"]
[SourceTitle "playchess.com"]
[Source "ChessBase"]
[SourceQuality "1"]
[TimeControl "40/6000+30:20/3000+30:900+30"]

1. d4 Nf6 2. c4 e6 3. Nf3 Bb4+ 4. Bd2 c5 5. e3 b6 6. a3 Bxd2+ 7. Qxd2 Bb7 8. Nc3 Bxf3 9. gxf3 cxd4 10. Qxd4 Nc6 11. Qd6 Qe7 12. Nb5 Qxd6 13. Nxd6+ Ke7 14. Rd1 Ne8 15. Nxe8 Rhxe8 16. Rg1 g6 17. Rg5 a6 18. f4 h6 19. Rg3 Ra7 20. e4 d6 21. Rb3 Rb8 22. Rbd3 Rd8 23. Be2 Rad7 24. Rh3 h5 25. f5 e5 26. fxg6 fxg6 27. Rg3 Kf6 28. Kd2 Nd4 29. Rdg1 Rg7 30. Bxh5 Rdg8 31. Bg4 Rh8 32. h3 a5 33. Rf1 g5 34. b3 Rc7 35. Rc3 Rb8 36. Rb1 b5 37. cxb5 Rxc3 38. Kxc3 Nxb5+ 39. Kb2 d5 40. exd5 e4 41. a4 Nd6 42. Kc3 Ke5 43. b4 Rb7 44. Rb2 Rc7+ 45. Kb3 Rb7 46. b5 Kxd5 47. Rd2+ Ke5 48. Rc2 Kd5 49. Rd2+ Ke5 50. Rc2 Kd5 51. Rd2+ 1/2-1/2

[Event "IOM Open-Masters 2017"]
[Site "Douglas"]
[Date "2017.09.23"]
[Round "1"]
[White "Coathup, Roger H"]
[Black "Grandelius, Nils"]
[Result "0-1"]
[WhiteElo "2125"]
[BlackElo "2653"]
[Annotator "TA"]
[PlyCount "86"]
[EventDate "2017.??.??"]
[EventType "swiss"]
[EventCountry "GBR"]
[SourceTitle "playchess.com"]
[Source "ChessBase"]
[SourceQuality "1"]

{[%evp 14,86,31,30,26,20,20,23,29,27,27,25,29,31,37,33,33,20,30,-22,0,-25,-7,-58,-58,-92,-110,-105,-113,-102,-105,-171,-122,-128,-128,-133,-125,-138,-123,-131,-108,-142,-121,-123,-118,-417,-108,-315,-147,-476,-162,-154,-153,-151,-97,-93,-72,-80,-80,-253,-239,-255,-246,-255,-259,-231,-250,-231,-232,-427,-404,-397,-397,-529,-508]} 1. c4 e6 2. g3 d5 3. Bg2 g6 4. Nf3 Bg7 5. O-O Nf6 6. d4 O-O 7. Nc3 c6 8. b3 {LiveBook: 4 Games} Ne4 {D78: Fianchetto Grünfeld: 6 0-0 c6} (8... b6 9. Ba3 Re8 10. Ne5 Bb7 11. e4 c5 12. exd5 exd5 13. Nxd5 Nxd5 14. Qf3 Bxe5 15. dxe5 Rxe5 16. cxd5 {1-0 (37) Wells,P (2429)-Grandelius,N (2646) Reading 2017}) 9. Bb2 Nxc3 10. Bxc3 b6 {White has an edge.} 11. Rc1 Bb7 12. Qd2 $146 ({Predecessor:} 12. cxd5 cxd5 13. Ne5 Nd7 14. Bb4 Re8 15. Nc6 Bxc6 16. Rxc6 {½-½ (50) Almeida,C (1873)-Britez,G (1844) Ciudad del Este 2015}) 12... Nd7 {[%cal Bb8d7,Bd7f6,Bf6e4][%mdl 32]} 13. Rfd1 Nf6 14. Bb4 Ne4 15. Qc2 c5 16. Be1 ({Better is} 16. Ba3) 16... Qe7 17. e3 Rac8 18. Qb1 (18. dxc5 $11 bxc5 19. Ba5) 18... dxc4 $15 19. Rxc4 Nd6 20. Rcc1 Be4 21. Qb2 Qb7 22. Nh4 (22. Qe2 $17) 22... Bxg2 23. Nxg2 cxd4 24. exd4 Rxc1 25. Qxc1 Nf5 26. Qf4 Rd8 {aiming for ...e5!} 27. Bc3 {[#]} e5 $1 {[%mdl 512]} 28. Qg5 (28. dxe5 Rxd1+) 28... Rc8 $40 {[%mdl 128] Hoping for ...Qf3. Black is out for blood.} 29. Bb2 $2 {[%mdl 8192]} (29. dxe5 $17 {was necessary.} Rxc3 30. g4) 29... exd4 $2 (29... Bh6 $19 30. Qg4 Rc2) 30. Ne1 $2 (30. Qd2 $17) 30... h5 (30... Qa6 $19 {is more deadly.} 31. Qd2 Qxa2) 31. h3 $2 {[%mdl 8192]} (31. Qd2 $17) 31... Qe4 $2 (31... Bh6 32. Qf6 Qe4) 32. Qd2 Re8 33. Qd3 Qxd3 (33... Qe2 $142 34. Qxe2 Rxe2) 34. Nxd3 $17 Re2 35. Kf1 Rc2 36. Rc1 $2 (36. Ke1 $17) 36... Rd2 $19 37. Ke1 Rxd3 38. Rc8+ Kh7 39. Ke2 {[#]} Rc3 $1 {[%cal Rc3c8]} 40. Bxc3 dxc3 {[%cal Bd4c3,Bc3c2][%mdl 32]} 41. Rc7 $2 (41. Kd3 {was called for.}) 41... Nd4+ 42. Kd3 c2 43. h4 Bf8 {Precision: White = 20%, Black = 48%.} 0-1

[Event "IOM Open-Masters 2017"]
[Site "Douglas"]
[Date "2017.09.23"]
[Round "1"]
[White "Pranav, Anand"]
[Black "Visakh, N R"]
[Result "0-1"]
[WhiteElo "2106"]
[BlackElo "2458"]
[Annotator "TA"]
[PlyCount "120"]
[EventDate "2017.??.??"]
[EventType "swiss"]
[EventCountry "GBR"]
[SourceTitle "playchess.com"]
[Source "ChessBase"]
[SourceQuality "1"]

{[%evp 19,120,18,12,-8,-2,-31,-25,-21,-16,-40,-8,-56,-45,-98,-53,-57,-45,-58,-47,-88,-63,-139,-141,-155,-67,-73,-45,-45,0,0,0,-187,-171,-206,-170,-149,-69,-204,-185,-207,-211,-202,-198,-187,-140,-424,-151,-444,0,-394,-145,-153,-108,-110,-121,-121,-108,-112,-106,-96,-93,-121,-88,-154,-180,-181,-173,-244,-192,-190,-190,-190,-190,-190,-190,-333,-290,-414,-389,-408,-391,-478,-476,-4702,-2847,-2426,-1643,-29965,-6079,-29965,-29966,-29969,-29967,-29966,-11780,-29974,-29972,-29976,-29977,-29977,-29977,-29987,-29988]} 1. d4 Nf6 2. c4 e6 3. Nc3 Bb4 4. e3 O-O 5. Nge2 d5 6. a3 Be7 7. cxd5 exd5 8. Nf4 a5 9. Bd3 c6 10. O-O {E46: Nimzo-Indian: Rubinstein: 4 e3 0-0 5 Ne2 without early Bd3} Na6 {LiveBook: 83 Games} 11. b3 (11. Re1 Nc7 12. Bc2 Re8 13. Nce2 Bd6 14. Ng3 Ne6 15. Nfe2 g6 16. Nf1 Ng7 17. Bd2 Bf5 {½-½ (50) Tran,T (2537)-Bu,X (2697) Chengdu 2017}) 11... Nc7 12. Bb2 {The position is equal.} (12. f3 {looks sharper.} Re8 13. Bc2 b5 14. Re1 Bd6 15. Bb2) 12... Ne6 $146 ({Predecessor:} 12... Bd6 13. h3 Re8 14. Qf3 Qe7 15. Na4 Ne4 16. Rfd1 f5 17. Nb6 Rb8 18. Nxc8 Rbxc8 {1-0 (42) Johannsson,I-Olafsson,F Reykjavik 1959}) 13. Nxe6 Bxe6 14. h3 Bd6 15. f4 Re8 16. Qc2 (16. Qf3 $15) 16... Qe7 17. Rf3 b5 {[%cal Bb7b5,Bb5b4][%mdl 32]} 18. g4 Bd7 19. Bf1 h6 20. a4 (20. Qg2 $15) 20... b4 $17 21. Ne2 Ne4 (21... Qe4 $17 22. Qxe4 dxe4) 22. Ng3 $15 Qh4 23. Nxe4 Rxe4 24. Bd3 Re7 25. Bf5 $2 (25. Qf2 $11 {and White stays safe.} Qxf2+ 26. Kxf2) 25... Bxf5 $19 26. Qxf5 Rae8 $36 {[%mdl 2048] Black is really pushing.} 27. Qd3 g5 (27... Re4 $17 28. Raf1 Qe7) 28. Raf1 (28. fxg5 $1 $15 Qxg5 29. Bc1) 28... gxf4 29. exf4 {[#]} Bxf4 $1 {[%mdl 512] Threatens to win with ...Re3.} 30. Qf5 ({Avoid the trap} 30. Rxf4 $2 Re3 $19) 30... Be3+ 31. Kh1 Bg5 32. Ba1 $2 {[%mdl 8192]} (32. Kg1 $17) 32... Kg7 $2 (32... Kh8 $19 33. Bb2 h5 34. gxh5 Re1) 33. Qc2 $2 (33. Bb2 $17) 33... Kg8 34. Qf5 Rf8 $2 (34... Kh8 $19 {and Black stays clearly on top. aiming for ...Re1.} 35. Kg1 h5 36. gxh5 Qxh5) 35. Bb2 $17 Rd8 36. Bc1 Bxc1 37. Rxc1 Rd6 38. Rcf1 Rde6 39. R1f2 Qg5 40. Qxg5+ hxg5 {[%mdl 4096] Endgame KRR-KRR} 41. Rf5 (41. Kg2 $142) 41... Re3 42. Rxg5+ Kf8 43. Rg6 (43. h4 $142) 43... Rc7 44. Kg2 Rxb3 45. h4 {[#]} Rb2 $1 {[%mdl 512]} 46. Rxb2 fxg6 $19 {KR-KR} 47. Rc2 (47. Kf3 $142) 47... b3 48. Rb2 (48. Rc1 {was the only defense.}) 48... Rb7 49. Kf3 Ke7 50. Kf4 Kd6 51. Kg5 (51. Ke3 $142 c5 52. Kd3) 51... c5 52. dxc5+ Kxc5 53. Kxg6 Kc4 (53... d4 $142 54. Rb1 Kc4 55. g5 Kc3 56. Rc1+ Kd2 57. Rg1 b2 58. Kf6 b1=Q 59. Rxb1 Rxb1 60. h5 d3 61. g6 Ke3 62. g7 Rb8 63. Kf7 d2 64. g8=Q Rxg8 65. Kxg8 d1=Q 66. h6 Qg4+ 67. Kf7 Qh5+ 68. Kg7 Qg5+ 69. Kf8 Qxh6+ 70. Ke7 Qc6 71. Kf8 Ke4 72. Kg7 Kf5 73. Kh7 Kf6 74. Kh8 Qd7 75. Kg8 Qg7#) 54. h5 Kc3 55. Rb1 d4 {[%cal Bd5d4,Bd4d3,Bd3d2][%mdl 32]} 56. h6 d3 57. h7 {[#]} Rxh7 $1 {[%mdl 512] Black mates.} 58. Kxh7 d2 59. g5 Kc2 60. Rxb3 Kxb3 {Precision: White = 28%, Black = 50%.} 0-1

[Event "IOM Open-Masters 2017"]
[Site "Douglas"]
[Date "2017.09.23"]
[Round "1"]
[White "Fischer, Daniel"]
[Black "Mai, Aron Thor"]
[Result "1-0"]
[WhiteElo "2100"]
[BlackElo "2038"]
[Annotator "NA"]
[PlyCount "55"]
[EventDate "2017.??.??"]
[EventType "swiss"]
[EventCountry "GBR"]
[SourceTitle "playchess.com"]
[Source "ChessBase"]
[SourceQuality "1"]
[TimeControl "40/6000+30:20/3000+30:900+30"]

1. e4 c6 2. d4 d5 3. Nc3 dxe4 4. Nxe4 Bf5 5. Ng3 Bg6 6. Nf3 e6 7. Bc4 Nd7 8. O-O Ngf6 9. Re1 Be7 10. Bb3 O-O 11. Nh4 Re8 12. Nxg6 hxg6 13. c3 Qc7 14. Qf3 a5 15. a4 Rad8 16. Bc2 Nb6 17. Bf4 Bd6 18. Bg5 Nbd5 19. Bb3 Be7 20. Bc4 Nd7 21. Bd2 N7f6 22. h4 c5 23. Bb5 Rf8 24. dxc5 Bxc5 25. Bg5 Be7 26. Rad1 Ne8 27. Rxd5 Bxg5 28. Rxg5 1-0

[Event "IOM Open-Masters 2017"]
[Site "Douglas"]
[Date "2017.09.23"]
[Round "1"]
[White "Kruse, Janik"]
[Black "Zwahr, Paul"]
[Result "0-1"]
[WhiteElo "2096"]
[BlackElo "2306"]
[Annotator "NA"]
[PlyCount "116"]
[EventDate "2017.??.??"]
[EventType "swiss"]
[EventCountry "GBR"]
[SourceTitle "playchess.com"]
[Source "ChessBase"]
[SourceQuality "1"]
[TimeControl "40/6000+30:20/3000+30:900+30"]

1. d4 Nf6 2. c4 g6 3. Nc3 Bg7 4. e4 d6 5. f3 O-O 6. Be3 c5 7. Nge2 Nc6 8. d5 Ne5 9. Ng3 h5 10. Be2 h4 11. Nf1 e6 12. h3 exd5 13. cxd5 Nh7 14. Nh2 g5 15. O-O Ng6 16. Qc2 Be5 17. Ng4 Bf4 18. Bf2 Nf6 19. Bd3 Nxg4 20. fxg4 Bd7 21. Ne2 Be5 22. Be3 b5 23. Qd2 f6 24. Rac1 a5 25. Bb1 Kg7 26. Kh1 Qe7 27. Rf3 a4 28. Rcf1 Qd8 29. Qc1 Rc8 30. Qd2 Qb6 31. R1f2 Qa6 32. Bd3 Ra8 33. Qc1 Qa5 34. Bd2 Qc7 35. Be3 Rac8 36. Rf1 c4 37. Bb1 b4 38. Bd2 Qb7 39. Qe1 Rb8 40. Bc1 Qb5 41. Qf2 Qb7 42. Be3 Qc7 43. Nd4 c3 44. Bd3 cxb2 45. Qxb2 Qc3 46. Qe2 Rfc8 47. Nf5+ Kh8 48. Rc1 Qxc1+ 49. Bxc1 Rxc1+ 50. Rf1 Rbc8 51. g3 hxg3 52. Qd2 R1c3 53. Ne3 Nf4 54. Bb1 Rxe3 55. Qxe3 g2+ 56. Kg1 gxf1=Q+ 57. Kxf1 Bb5+ 58. Kg1 Bd4 0-1

[Event "IOM Open-Masters 2017"]
[Site "Douglas"]
[Date "2017.09.23"]
[Round "1"]
[White "Burrows, Martin P"]
[Black "Jessel, Stephen"]
[Result "0-1"]
[WhiteElo "2085"]
[BlackElo "2334"]
[Annotator "NA"]
[PlyCount "120"]
[EventDate "2017.??.??"]
[EventType "swiss"]
[EventCountry "GBR"]
[SourceTitle "playchess.com"]
[Source "ChessBase"]
[SourceQuality "1"]
[TimeControl "40/6000+30:20/3000+30:900+30"]

1. e4 b6 2. d4 Bb7 3. Bd3 e6 4. Nf3 d6 5. c4 h6 6. Nc3 g6 7. Be3 Bg7 8. O-O Ne7 9. Nd2 O-O 10. f4 f5 11. Qe2 Nbc6 12. d5 exd5 13. exd5 Nb4 14. Nf3 c5 15. dxc6 Nexc6 16. a3 Bxc3 17. bxc3 Nxd3 18. Qxd3 Na5 19. Nd2 Qc7 20. Bd4 Rfe8 21. Rae1 Kh7 22. h4 h5 23. Qg3 Nxc4 24. Nxc4 Qxc4 25. Qg5 Qf7 26. Kh2 Ba6 27. Rxe8 Rxe8 28. Rf3 Bb7 29. Re3 Be4 30. Re2 Qe7 31. Bf6 Qf8 32. Bd4 Re6 33. Kg3 Qe7 34. Rd2 Qxg5+ 35. hxg5 d5 36. c4 dxc4 37. Be5 Bd3 38. Kf2 Kg8 39. Ke3 Rc6 40. Rd1 Kf7 41. Kd4 Be4 42. Kc3 Bxg2 43. Rd7+ Ke6 44. Rg7 Kd5 45. Bf6 h4 46. Rxg6 h3 47. Rh6 Ke4 48. g6 Rxf6 49. g7 Rxh6 50. g8=Q Kf3 51. Qd5+ Kg3 52. Qxf5 h2 53. Qg5+ Kf2 54. Qxh6 h1=Q 55. Qxh1 Bxh1 56. Kxc4 Bc6 57. f5 Ke3 58. f6 Be8 59. Kd5 Kd3 60. Kd6 Kc4 0-1

[Event "IOM Open-Masters 2017"]
[Site "Douglas"]
[Date "2017.09.23"]
[Round "1"]
[White "Maroroa, Sue"]
[Black "Ledger, Andrew J"]
[Result "0-1"]
[WhiteElo "2083"]
[BlackElo "2361"]
[Annotator "NA"]
[PlyCount "62"]
[EventDate "2017.??.??"]
[EventType "swiss"]
[EventCountry "GBR"]
[SourceTitle "playchess.com"]
[Source "ChessBase"]
[SourceQuality "1"]
[TimeControl "40/6000+30:20/3000+30:900+30"]

1. e4 c6 2. d4 d5 3. e5 Bf5 4. h4 Qc7 5. g4 Bd7 6. h5 c5 7. c3 cxd4 8. Bf4 dxc3 9. Nxc3 e6 10. Rc1 Nc6 11. Nf3 a6 12. Bd3 Rd8 13. Qe2 Qa5 14. Bd2 Qb6 15. Ng5 d4 16. Na4 Qa7 17. Nxf7 Kxf7 18. Bg6+ Ke7 19. Bg5+ Nf6 20. Bc2 Kf7 21. exf6 gxf6 22. Bd2 d3 23. Qxd3 Ne5 24. Qb3 Bxa4 25. Bg6+ hxg6 26. Rc7+ Rd7 27. Rxd7+ Bxd7 28. f4 Qd4 29. Qxb7 Nd3+ 30. Ke2 Nc5 31. hxg6+ Kxg6 0-1

[Event "IOM Open-Masters 2017"]
[Site "Douglas"]
[Date "2017.09.23"]
[Round "1"]
[White "Thilakarathne, G M H"]
[Black "Watson, John"]
[Result "1/2-1/2"]
[WhiteElo "2053"]
[BlackElo "2247"]
[Annotator "NA"]
[PlyCount "86"]
[EventDate "2017.??.??"]
[EventType "swiss"]
[EventCountry "GBR"]
[SourceTitle "playchess.com"]
[Source "ChessBase"]
[SourceQuality "1"]
[TimeControl "40/6000+30:20/3000+30:900+30"]

1. e4 e6 2. d4 d5 3. Nc3 Bb4 4. e5 c5 5. a3 Bxc3+ 6. bxc3 Qc7 7. Qg4 f5 8. Qg3 Nc6 9. Nf3 Nge7 10. Bd2 O-O 11. Bd3 cxd4 12. cxd4 Bd7 13. O-O Be8 14. Rab1 b6 15. Qh3 Bg6 16. a4 Rab8 17. Bc1 Rfe8 18. Ba3 Rbd8 19. Bb5 h6 20. Qh4 Kf7 21. Rb3 Qb7 22. Rc3 Rc8 23. Rb1 a6 24. Bd3 Na5 25. Rxc8 Nxc8 26. Qf4 Qc6 27. g4 Qxa4 28. gxf5 Bxf5 29. Bxf5 Qxa3 30. Bh7+ Ke7 31. Nh4 Kd7 32. Ng6 Qh3 33. Rd1 Ne7 34. Nxe7 Rxe7 35. Bg6 Qc3 36. Bd3 Nc4 37. Rb1 b5 38. Kg2 g5 39. Qg4 Rf7 40. Qh5 Re7 41. Qxh6 Qxd4 42. Bxc4 Qg4+ 43. Kh1 Qf3+ 1/2-1/2

[Event "IOM Open-Masters 2017"]
[Site "Douglas"]
[Date "2017.09.22"]
[Round "1"]
[White "Harari, Zaki"]
[Black "Rodshtein, Maxim"]
[Result "1/2-1/2"]
[WhiteElo "2027"]
[BlackElo "2695"]
[Annotator "TA"]
[PlyCount "147"]
[EventDate "2017.??.??"]
[EventType "swiss"]
[EventCountry "GBR"]
[SourceTitle "playchess.com"]
[Source "ChessBase"]
[SourceQuality "1"]

{[%evp 11,147,11,28,25,33,18,21,4,50,47,58,58,54,45,66,60,58,62,76,66,65,62,67,59,57,60,67,69,73,55,81,61,77,69,103,84,95,86,84,66,123,143,141,107,107,70,107,107,129,143,113,130,120,27,13,20,35,0,0,0,0,-4,0,0,0,0,0,0,0,0,0,0,0,0,0,0,0,0,10,10,15,14,16,25,43,0,29,0,43,14,8,18,43,24,24,0,43,0,0,0,43,24,37,0,43,0,0,0,37,29,27,0,43,43,63,0,0,0,0,0,1222,1220,12840,1440,29937,29938,6904,6656,6656,5547,2586,2454,985,0,461,0,693,0]} 1. e4 c5 2. d4 cxd4 3. c3 d3 4. Bxd3 Nc6 5. c4 g6 6. Nf3 Bg7 7. O-O {B21: Sicilian: 2 f4 and Morra Gambit} d6 8. h3 Nf6 {[%cal Bg8f6,Bf6d7,Bd7e5][%mdl 32]} 9. Nc3 {The position is equal.} O-O 10. Be3 Nd7 (10... Be6 11. Rc1 Nd7 12. Ng5 Nc5 13. Be2 Bd7 14. Qd2 Qa5 15. Qc2 {0-1 (37) Stoma,P (2348)-Brodowski,P (2439) Poronin 2017}) 11. Rc1 Nde5 12. Be2 $146 ({Predecessor:} 12. Nxe5 Nxe5 13. Be2 b6 14. Qd2 Bb7 {1-0 (61) Lee,D (2145)-Bruys,P (1675) Brasschaat 2017}) 12... b6 13. Qd2 Bb7 14. Rfd1 Rc8 15. b3 Nxf3+ 16. Bxf3 Ne5 17. Be2 Nd7 18. Bh6 Nf6 19. Bxg7 Kxg7 20. Bf3 {aiming for e5!} Qc7 21. h4 {[%cal Bh3h4,Bh4h5,Bh5h6][%mdl 32]} Qb8 22. h5 Rc5 23. h6+ Kg8 24. Nd5 Bxd5 25. exd5 Rfc8 (25... Qc8 $14) 26. Re1 $16 R8c7 27. a4 Qf8 28. Qf4 a5 29. Qe3 Kh8 {[#]} 30. g4 $1 Ng8 31. g5 f6 {[#]} 32. gxf6 ({White must play} 32. Qd4 $1 $16) 32... exf6 $11 33. Qf4 Re7 34. Kf1 {Threatens to win with Rxe7.} Re5 35. Rxe5 dxe5 36. Qd2 Qd6 37. Rd1 Rc7 38. Bg2 g5 39. Bh3 Nxh6 40. Be6 Ng8 41. Qe2 Ne7 42. Qf3 $1 {[%cal Rf3f6]} Kg7 $1 43. Qh5 {White threatens Qf7+ and mate.} Ng6 44. Bf5 Re7 45. Rd3 $1 {[%cal Rd3h3]} Nf8 46. Rh3 {[%cal Rf5h7]} Kg8 47. Be4 Rg7 48. Bf5 {[%mdl 1024] White has compensation.} Re7 49. Be4 Qd7 50. Rf3 Rf7 51. Bf5 Qe7 52. Rd3 Qd6 $1 53. Rh3 Rg7 54. Rf3 Qd8 55. Rh3 Ra7 56. Rd3 Qd6 57. Rh3 Rf7 58. Be4 Qa3 {Hoping for ...Qc1+.} 59. Bf5 Re7 60. Qd1 Qd6 61. Qd3 Rg7 (61... e4 $5 62. Bxe4 Qf4 $16) 62. Rh6 g4 63. Qg3 ({White should play} 63. Kg2 $14) 63... Rg5 64. Be4 {Black must now prevent Qh4.} Kg7 65. Qh4 $36 {[%mdl 2048] And now Qxg5+! would win. White fights for an advantage.} Qe7 $2 {[%mdl 8192]} (65... Qa3 $11) 66. d6 $1 $18 Qf7 67. d7 (67. Rxh7+ $142 Nxh7 68. Qxh7+ Kf8 69. d7) 67... Qe7 68. Rxh7+ Nxh7 69. Qxh7+ {KQR-KQB} Kf8 70. Qh8+ Rg8 71. Qh6+ Rg7 72. Qh8+ (72. Bd5 $142 {Threatening mate with Qh8+.} Qd8 73. Qh8+ Ke7 74. Qxg7+ Kd6 75. Qf7 Qxd7 76. Qxf6+ Kc7 77. Qxe5+ Qd6 78. Qg7+ Kd8 79. Qg5+ Kc7 80. Qg7+ Qd7 81. Qxd7+ Kxd7 82. Kg2) 72... Rg8 73. Qh6+ (73. Qh4 $142 Qxd7 74. Qxf6+ Qf7 75. Qxe5 (75. Qxb6 g3 $14)) 73... Rg7 74. Qh8+ $2 {Precision: White = 53%, Black = 54%.} (74. Bc6 $18) 1/2-1/2